|
|
|
|
| LEADER |
00000nam0a2200000 4500 |
| 001 |
371181 |
| 005 |
20231102012343.0 |
| 035 |
|
|
|a (RuTPU)RU\TPU\retro\28591
|
| 090 |
|
|
|a 371181
|
| 100 |
|
|
|a 20220928d1978 m y0rusy50 ca
|
| 101 |
0 |
|
|a rus
|
| 102 |
|
|
|a RU
|
| 105 |
|
|
|a a z 000zy
|
| 200 |
1 |
|
|a Волгоград - город-герой
|e альбом
|f сост. В. Е. Зайцев, Э. В. Якубенко
|
| 210 |
|
|
|a Москва
|c Советская Россия
|d 1978
|
| 215 |
|
|
|a 208 с.
|c ил.
|
| 606 |
1 |
|
|a Города-герои
|y Волгоград
|2 stltpush
|3 (RuTPU)RU\TPU\subj\66920
|9 82896
|
| 610 |
1 |
|
|a Сталинград
|
| 610 |
1 |
|
|a героические традиции
|
| 610 |
1 |
|
|a исторические места
|
| 610 |
1 |
|
|a памятники
|
| 610 |
1 |
|
|a мемориалы
|
| 610 |
1 |
|
|a музеи
|
| 686 |
|
|
|a Т3(2)622,82
|v LBC/SL-A
|2 rubbk
|
| 702 |
|
1 |
|a Зайцев
|b В. Е.
|4 220
|
| 702 |
|
1 |
|a Якубенко
|b Э. В.
|4 220
|
| 801 |
|
1 |
|a RU
|b 63413507
|c 20220928
|
| 801 |
|
2 |
|a RU
|b 63413507
|c 20220928
|g RCR
|
| 942 |
|
|
|c BK
|